<?xml version="1.0" encoding="UTF-8"?>
<record
    xmlns:xsi="http://www.w3.org/2001/XMLSchema-instance"
    xsi:schemaLocation="http://www.loc.gov/MARC21/slim http://www.loc.gov/standards/marcxml/schema/MARC21slim.xsd"
    xmlns="http://www.loc.gov/MARC21/slim">

  <leader>01339nam a22002057a 4500</leader>
  <datafield tag="999" ind1=" " ind2=" ">
    <subfield code="c">57356</subfield>
    <subfield code="d">57356</subfield>
  </datafield>
  <controlfield tag="005">20200601144116.0</controlfield>
  <controlfield tag="008">200601c2018    ge ||||| |||| 00| 0 geo d</controlfield>
  <datafield tag="022" ind1=" " ind2=" ">
    <subfield code="a">25874594</subfield>
  </datafield>
  <datafield tag="041" ind1=" " ind2=" ">
    <subfield code="a">geo</subfield>
  </datafield>
  <datafield tag="245" ind1=" " ind2=" ">
    <subfield code="a">&#x10E5;&#x10D0;&#x10E0;&#x10D7;&#x10E3;&#x10DA;&#x10D8; &#x10E1;&#x10D0;&#x10DB;&#x10D0;&#x10E0;&#x10D7;&#x10DA;&#x10D8;&#x10E1; &#x10DF;&#x10E3;&#x10E0;&#x10DC;&#x10D0;&#x10DA;&#x10D8; :</subfield>
    <subfield code="b">&#x10E5;&#x10D0;&#x10E0;&#x10D7;&#x10E3;&#x10DA;-&#x10DC;&#x10DD;&#x10E0;&#x10D5;&#x10D4;&#x10D2;&#x10D8;&#x10E3;&#x10DA;&#x10D8; &#x10D9;&#x10D0;&#x10DC;&#x10DD;&#x10DC;&#x10D8;&#x10E1; &#x10E3;&#x10D6;&#x10D4;&#x10DC;&#x10D0;&#x10D4;&#x10E1;&#x10DD;&#x10D1;&#x10D8;&#x10E1; &#x10D0;&#x10E1;&#x10DD;&#x10EA;&#x10D8;&#x10D0;&#x10EA;&#x10D8;&#x10D8;&#x10E1; &#x10DE;&#x10D4;&#x10E0;&#x10D8;&#x10DD;&#x10D3;&#x10E3;&#x10DA;&#x10D8; &#x10D2;&#x10D0;&#x10DB;&#x10DD;&#x10EA;&#x10D4;&#x10DB;&#x10D0;; &#x2116; 1; 2018 /</subfield>
    <subfield code="c">&#x10E0;&#x10D4;&#x10D3;. &#x10D7;&#x10D4;&#x10D8;&#x10DB;&#x10E3;&#x10E0;&#x10D0;&#x10D6; &#x10D0;&#x10DC;&#x10D7;&#x10D4;&#x10DA;&#x10D0;&#x10D5;&#x10D0;, &#x10D7;&#x10DD;&#x10DB;&#x10D0;&#x10E1; &#x10E4;&#x10E0;&#x10DD;&#x10D1;&#x10D4;&#x10E0;&#x10D2;&#x10D8;; &#x10D7;&#x10D0;&#x10E0;&#x10D2;&#x10DB;. &#x10D4;&#x10D9;&#x10D0; &#x10DB;&#x10D4;&#x10E8;&#x10D5;&#x10D4;&#x10DA;&#x10D8;&#x10D0;&#x10DC;&#x10D8;</subfield>
  </datafield>
  <datafield tag="260" ind1=" " ind2=" ">
    <subfield code="a">&#x10D7;&#x10D1;&#x10D8;&#x10DA;&#x10D8;&#x10E1;&#x10D8;,</subfield>
    <subfield code="c">2018.</subfield>
  </datafield>
  <datafield tag="300" ind1=" " ind2=" ">
    <subfield code="a">V.</subfield>
  </datafield>
  <datafield tag="500" ind1=" " ind2=" ">
    <subfield code="a">&#x10DF;&#x10E3;&#x10E0;&#x10DC;&#x10D0;&#x10DA;&#x10D8;&#x10E1; &#x10DB;&#x10D4;&#x10DD;&#x10E0;&#x10D4; &#x10E7;&#x10D3;&#x10D0; &#x10D0;&#x10E0;&#x10D8;&#x10E1; &#x10D8;&#x10DC;&#x10D2;&#x10DA;&#x10D8;&#x10E1;&#x10E3;&#x10E0;&#x10D4;&#x10DC;&#x10DD;&#x10D5;&#x10D0;&#x10DC;&#x10D8;</subfield>
  </datafield>
  <datafield tag="653" ind1=" " ind2=" ">
    <subfield code="a">&#x10E1;&#x10D0;&#x10DB;&#x10D0;&#x10E0;&#x10D7;&#x10D0;&#x10DA;&#x10D8;</subfield>
  </datafield>
  <datafield tag="700" ind1=" " ind2=" ">
    <subfield code="a">&#x10D0;&#x10DC;&#x10D7;&#x10D4;&#x10DA;&#x10D0;&#x10D5;&#x10D0;, &#x10D7;&#x10D4;&#x10D8;&#x10DB;&#x10E3;&#x10E0;&#x10D0;&#x10D6;  </subfield>
    <subfield code="e">&#x10E0;&#x10D4;&#x10D3;&#x10D0;&#x10E5;&#x10E2;&#x10DD;&#x10E0;&#x10D8;</subfield>
    <subfield code="9">5274</subfield>
  </datafield>
  <datafield tag="700" ind1=" " ind2=" ">
    <subfield code="a">&#x10E4;&#x10E0;&#x10DD;&#x10D1;&#x10D4;&#x10E0;&#x10D2;&#x10D8;, &#x10D7;&#x10DD;&#x10DB;&#x10D0;&#x10E1;</subfield>
    <subfield code="e">&#x10E0;&#x10D4;&#x10D3;&#x10D0;&#x10E5;&#x10E2;&#x10DD;&#x10E0;&#x10D8;</subfield>
    <subfield code="9">8266</subfield>
  </datafield>
  <datafield tag="700" ind1=" " ind2=" ">
    <subfield code="a">&#x10DB;&#x10D4;&#x10E8;&#x10D5;&#x10D4;&#x10DA;&#x10D8;&#x10D0;&#x10DC;&#x10D8;, &#x10D4;&#x10D9;&#x10D0; </subfield>
    <subfield code="e">&#x10DB;&#x10D7;&#x10D0;&#x10D2;&#x10DB;&#x10DC;&#x10D4;&#x10DA;&#x10D8;</subfield>
    <subfield code="9">8267</subfield>
  </datafield>
  <datafield tag="856" ind1=" " ind2=" ">
    <subfield code="u">http://genolaw.ideadesigngroup.ge/uploads/publications/journals/1556104163GLJ-Journal-2-GEO-web.pdf</subfield>
    <subfield code="y">&#x10D4;&#x10DA;. &#x10D5;&#x10D4;&#x10E0;&#x10E1;&#x10D8;&#x10D0; pdf</subfield>
  </datafield>
  <datafield tag="942" ind1=" " ind2=" ">
    <subfield code="2">udc</subfield>
    <subfield code="c">CR</subfield>
  </datafield>
  <datafield tag="952" ind1=" " ind2=" ">
    <subfield code="0">0</subfield>
    <subfield code="1">0</subfield>
    <subfield code="2">udc</subfield>
    <subfield code="4">0</subfield>
    <subfield code="7">0</subfield>
    <subfield code="9">89034</subfield>
    <subfield code="a">CPL</subfield>
    <subfield code="b">CPL</subfield>
    <subfield code="c">GEN</subfield>
    <subfield code="d">2020-06-01</subfield>
    <subfield code="h"># 1 (2018)</subfield>
    <subfield code="p">80611</subfield>
    <subfield code="r">2020-06-01</subfield>
    <subfield code="t">80611</subfield>
    <subfield code="w">2020-06-01</subfield>
    <subfield code="y">CR</subfield>
  </datafield>
  <datafield tag="952" ind1=" " ind2=" ">
    <subfield code="0">0</subfield>
    <subfield code="1">0</subfield>
    <subfield code="2">udc</subfield>
    <subfield code="4">0</subfield>
    <subfield code="7">0</subfield>
    <subfield code="9">89038</subfield>
    <subfield code="a">CPL</subfield>
    <subfield code="b">CPL</subfield>
    <subfield code="c">GEN</subfield>
    <subfield code="d">2020-06-01</subfield>
    <subfield code="h"># 1 (2018)</subfield>
    <subfield code="p">80610</subfield>
    <subfield code="r">2020-06-01</subfield>
    <subfield code="t">80610</subfield>
    <subfield code="w">2020-06-01</subfield>
    <subfield code="y">CR</subfield>
  </datafield>
  <datafield tag="952" ind1=" " ind2=" ">
    <subfield code="0">0</subfield>
    <subfield code="1">0</subfield>
    <subfield code="2">udc</subfield>
    <subfield code="4">0</subfield>
    <subfield code="7">0</subfield>
    <subfield code="9">89040</subfield>
    <subfield code="a">CPL</subfield>
    <subfield code="b">CPL</subfield>
    <subfield code="c">GEN</subfield>
    <subfield code="d">2020-06-01</subfield>
    <subfield code="h"># 1 (2018)</subfield>
    <subfield code="p">80609</subfield>
    <subfield code="r">2020-06-01</subfield>
    <subfield code="t">80609</subfield>
    <subfield code="w">2020-06-01</subfield>
    <subfield code="y">CR</subfield>
  </datafield>
  <datafield tag="952" ind1=" " ind2=" ">
    <subfield code="0">0</subfield>
    <subfield code="1">0</subfield>
    <subfield code="2">udc</subfield>
    <subfield code="4">0</subfield>
    <subfield code="7">0</subfield>
    <subfield code="9">89043</subfield>
    <subfield code="a">CPL</subfield>
    <subfield code="b">CPL</subfield>
    <subfield code="c">GEN</subfield>
    <subfield code="d">2020-06-01</subfield>
    <subfield code="h"># 1 (2018)</subfield>
    <subfield code="p">80608</subfield>
    <subfield code="r">2020-06-01</subfield>
    <subfield code="t">80608</subfield>
    <subfield code="w">2020-06-01</subfield>
    <subfield code="y">CR</subfield>
  </datafield>
  <datafield tag="952" ind1=" " ind2=" ">
    <subfield code="0">0</subfield>
    <subfield code="1">0</subfield>
    <subfield code="2">udc</subfield>
    <subfield code="4">0</subfield>
    <subfield code="7">0</subfield>
    <subfield code="9">89045</subfield>
    <subfield code="a">CPL</subfield>
    <subfield code="b">CPL</subfield>
    <subfield code="c">GEN</subfield>
    <subfield code="d">2020-06-01</subfield>
    <subfield code="h"># 1 (2018)</subfield>
    <subfield code="p">80607</subfield>
    <subfield code="r">2020-06-01</subfield>
    <subfield code="t">80607</subfield>
    <subfield code="w">2020-06-01</subfield>
    <subfield code="y">CR</subfield>
  </datafield>
  <datafield tag="952" ind1=" " ind2=" ">
    <subfield code="0">0</subfield>
    <subfield code="1">0</subfield>
    <subfield code="2">udc</subfield>
    <subfield code="4">0</subfield>
    <subfield code="7">0</subfield>
    <subfield code="9">89047</subfield>
    <subfield code="a">CPL</subfield>
    <subfield code="b">CPL</subfield>
    <subfield code="c">GEN</subfield>
    <subfield code="d">2020-06-01</subfield>
    <subfield code="h"># 1 (2018)</subfield>
    <subfield code="p">80606</subfield>
    <subfield code="r">2020-06-01</subfield>
    <subfield code="t">80606</subfield>
    <subfield code="w">2020-06-01</subfield>
    <subfield code="y">CR</subfield>
  </datafield>
  <datafield tag="952" ind1=" " ind2=" ">
    <subfield code="0">0</subfield>
    <subfield code="1">0</subfield>
    <subfield code="2">udc</subfield>
    <subfield code="4">0</subfield>
    <subfield code="7">0</subfield>
    <subfield code="9">89049</subfield>
    <subfield code="a">CPL</subfield>
    <subfield code="b">CPL</subfield>
    <subfield code="c">GEN</subfield>
    <subfield code="d">2020-06-01</subfield>
    <subfield code="h"># 1 (2018)</subfield>
    <subfield code="p">80605</subfield>
    <subfield code="r">2020-06-01</subfield>
    <subfield code="t">80605</subfield>
    <subfield code="w">2020-06-01</subfield>
    <subfield code="y">CR</subfield>
  </datafield>
  <datafield tag="952" ind1=" " ind2=" ">
    <subfield code="0">0</subfield>
    <subfield code="1">0</subfield>
    <subfield code="2">udc</subfield>
    <subfield code="4">0</subfield>
    <subfield code="7">0</subfield>
    <subfield code="9">89051</subfield>
    <subfield code="a">CPL</subfield>
    <subfield code="b">CPL</subfield>
    <subfield code="c">GEN</subfield>
    <subfield code="d">2020-06-01</subfield>
    <subfield code="h"># 1 (2018)</subfield>
    <subfield code="p">80604</subfield>
    <subfield code="r">2020-06-01</subfield>
    <subfield code="t">80604</subfield>
    <subfield code="w">2020-06-01</subfield>
    <subfield code="y">CR</subfield>
  </datafield>
</record>
